000 00767nam a2200241 a 4500
999 _c446988
_d446988
003 BLK
005 20230808085717.0
008 200316b bul|||||r ||||||| ||bul||
040 _aBLK
041 _aBUL
_cBUL
080 _aОрганизация и ръководство на спорта
_b796.062
_z796.062(062)
139 _bЛ 81
245 1 0 _aЛокомотив - Русе
_bСправочник пролет `82
_h[Малотир. изд.]
260 _aРусе
_bб. и.
_c1982
_9218041
300 _a40 с.
_c16 см
380 _a79
650 0 _aФизкултура и спорт
_9288522
653 7 _aфутбол
_9199648
852 _bК
_cК 796/799/Л 81
942 _cKNG
_n0
_2udc
_s1
_01
944 _aCR
_c2022-03-02
_k30570
_lМоника Янева
999 _d446988